000
00310nam a22001337a 4500
999
_c
532175
_d
532175
003
NUST
038
_a
M.Ramzan
082
_a
624
_b
BRE
100
_a
Brenner, Brian.
_9
25511
245
_a
Bridginess more of the civil engineering
260
_a
virginia:
_b
AS|CE
_c
2009
300
_a
227 p, :
942
_2
ddc
_c
BK